Países que Hablan Inglés - Estadísticas

Estadísticas generales
  • Esta prueba ha sido intentada 11.492 veces
    9.390 desde el último reinicio
  • La puntuación promedio es 10 de 16
Estadísticas de respuestas
% País % Correcto
79 Estados Unidos
99%
92 Reino Unido
98%
57 Canadá
91%
73 Australia
86%
90 Irlanda
86%
85 Nueva Zelanda
80%
99 Jamaica
58%
75 Bahamas
53%
99 Barbados
49%
95 Trinidad y Tobago
47%
70 Belice
45%
90 Antigua y Barbuda
44%
99 San Vicente y las Granadinas
44%
98 Granada
43%
99 San Cristóbal y Nieves
43%
90 Guyana
35%
No se encontraron pruebas coincidentes
Distribución de puntuación
Porcentaje de gente con cada puntuación
Porcentaje por número respondido
Historial de tus puntuaciones
No has intentado esta prueba desde el último reinicio